Angels and demons : (Record no. 109)
[ view plain ]
| 000 -LEADER | |
|---|---|
| fixed length control field | 00727cam a22002054a 4500 |
| 008 - FIXED-LENGTH DATA ELEMENTS--GENERAL INFORMATION | |
| fixed length control field | 070615s2007 enka b 000 0 eng c |
| 020 ## - INTERNATIONAL STANDARD BOOK NUMBER | |
| International Standard Book Number | 1844741826 |
| 020 ## - INTERNATIONAL STANDARD BOOK NUMBER | |
| International Standard Book Number | 9781844741823 :L9.70/Langham |
| 245 00 - TITLE STATEMENT | |
| Title | Angels and demons : |
| Remainder of title | perspectives and practice in diverse religious traditions / |
| Statement of responsibility, etc | edited by Peter G. Riddell and Beverly Smith Riddell. |
| 246 30 - VARYING FORM OF TITLE | |
| Title proper/short title | Perspectives and practice in diverse religious traditions |
| 260 ## - PUBLICATION, DISTRIBUTION, ETC. (IMPRINT) | |
| Place of publication, distribution, etc | Nottingham : |
| Name of publisher, distributor, etc | Apollos, |
| Date of publication, distribution, etc | 2007. |
| 300 ## - PHYSICAL DESCRIPTION | |
| Extent | 277 p. : |
| Other physical details | ill. ; |
| Dimensions | 22 cm. |
| 504 ## - BIBLIOGRAPHY, ETC. NOTE | |
| Bibliography, etc | Includes bibliographical references. |
| 650 #4 - SUBJECT ADDED ENTRY--TOPICAL TERM | |
| Topical term or geographic name as entry element | Angels. |
| 650 #4 - SUBJECT ADDED ENTRY--TOPICAL TERM | |
| Topical term or geographic name as entry element | Demonology. |
| 650 #4 - SUBJECT ADDED ENTRY--TOPICAL TERM | |
| Topical term or geographic name as entry element | Religions. |
| 700 1# - ADDED ENTRY--PERSONAL NAME | |
| Personal name | Riddell, Peter G. |
| 700 1# - ADDED ENTRY--PERSONAL NAME | |
| Personal name | Smith Riddell, Beverly. |
| 541 ## - IMMEDIATE SOURCE OF ACQUISITION NOTE | |
| Accession number | 34842 |
| -- | 00041345 |
| Withdrawn status | Lost status | Source of classification or shelving scheme | Damaged status | Not for loan | Home library | Current library | Shelving location | Date acquired | Source of acquisition | Total Checkouts | Full call number | Barcode | Date last seen | Price effective from | Koha item type |
|---|---|---|---|---|---|---|---|---|---|---|---|---|---|---|---|
| Library of Congress Classification | BSOP Library | BSOP Library | GC | 11/27/2011 | Langham | BL477 An4r 2007 | 34842 | 00041345 | 02/23/2013 | 02/23/2013 | Books |
